LEADER 02990nam0 2200505 i 450 001 BVEE052509 005 20170908093227.0 012 $adei, .1se s.da cepr (3) 1656 (R)$2fei 100 $a20070530d1656 ||||0itac50 ba 101 | $alat 102 $ait 181 1$6z01$ai $bxxxe 182 1$6z01$an 200 1 $aIn S. Thomae Aquin. primam partem lectura P.F. Dominici Grippi eo Neap. Ord. praed. disposita per tractatus, questiones, et articulos iuxta eiusdem sanctiss. praeceptoris institutum, ... 210 $aNeapoli$ctypis Iacobi Gaffari$eNeapoli$gtypis Iacobi Gaffari$h1656 215 $a[16], 1042, [26] p.$cfront. calcogr.$d4º 300 $aDomenico Grippi è pseudonimo di Domenico Maria Marchesi 300 $aFront. calcogr. inciso da Nicolas Perrey 300 $aSegn.: §⁴ a⁴ A-3V⁴ 3X⁶ 3Y-6S⁴. 314 $aincisore$9BVEV066820 316 $a1 v. (Sul front. timbro BR)$5IT-NA0079, V.F. 8 C 31 316 $a1 v.$5IT-NA0070, R 072 21 620 $dNapoli$3TO0L002386 700 1$aMarchese$b, Domenico Maria$f <1634-1692>$3SBLV313390$4070$0546599 702 1$aPerrey$b, Nicolas$3BVEV066820 702 0$aTommaso : d'Aquino$c $3CFIV008124 712 02$aGaffaro, Giacomo$3TO0V267665$4650 790 0$aTommaso d'Aquino$c $3CFIV009247$zTommaso : d'Aquino 790 0$aTommaso$c $3CFIV167024$zTommaso : d'Aquino 790 0$aTomasz z Akwinu$3IEIV108913$zTommaso : d'Aquino 790 0$aThomas : de Aquino$c $3MILV209402$zTommaso : d'Aquino 790 0$aThomas : Aquinas$c $3PUVV203880$zTommaso : d'Aquino 790 1$aGrippi$b, Domenico$3BVEV105894$zMarchese, Domenico Maria <1634-1692> 791 02$aGaffarum$3BA1V000974$zGaffaro, Giacomo 791 02$aGaffari, Giacomo$3SBNV002254$zGaffaro, Giacomo 801 3$aIT$bIT-NA0079$c20070530 850 $aIT-NA0079$aIT-NA0070 899 1$aBiblioteca Nazionale Vittorio Emanuele III$bNA0079$41 esemplare$eS$uhttp://books.google.com/books?vid=IBNN:BN000620644 912 $aBVEE052509 950 0$aBiblioteca Nazionale Vittorio Emanuele III$c1 v.$d BNV.F. 8 C 31$e BN 0006206445G B 1 v. (Sul front. timbro BR)$fC $h20130823$i20130823$lSul front. timbro BR$mTimbri storici della biblioteca proprietaria 950 0$aBiblioteca Universitaria$d BUR 072 21$e BUSI 0000173505 B 1 v.$fC $h20070530$i20070530 956 $aBiblioteca Nazionale Vittorio Emanuele III$b1$c $d $eBN 000620644$uhttp://books.google.com/books?vid=IBNN:BN000620644$z BNV.F. 8 C 31 977 $a BN$a BU 996 $aIn S. Thomae Aquin. primam partem lectura P.F. Dominici Grippi eo Neap. Ord. praed. disposita per tractatus, questiones, et articulos iuxta eiusdem sanctiss. praeceptoris institutum, ..$91482012 997 $aUNISANNIO LEADER 00913cam0 22002533 450 001 SON0005329 005 20130108100338.0 010 $a8834861019 100 $a20010223d1996 |||||ita|0103 ba 101 $ager 102 $aDE 200 1 $aPolitica Ancilla Juris$eLe radici giusnaturalistiche del liberalismo di Wilhelm von Humboldt$econ traduzione italiana$eAus klein Vortgen ber Naturrecht$fVanda Fiorillo 210 $aTorino$cGiappichelli$d1996 215 $a190 p.$d23 cm 700 1$aFiorillo$b, Vanda$3AF00008931$4070$0156502 801 0$aIT$bUNISOB$c20130108$gRICA 850 $aUNISOB 852 $aUNISOB$j340.1$m90186 912 $aSON0005329 940 $aM 102 Monografia moderna SBN 941 $aM 957 $a340.1$b000986$gSI$d90186$rACQUISTO$p25.000$1catenacci$2UNISOB$3UNISOB$420130108100309.0$520130108100322.0$6catenacci 996 $aPolitica ancilla juris$9229556 997 $aUNISOB